000 00353nam a22001457a 4500
008 210311b ||||| |||| 00| 0 eng d
020 _a9781412979429
041 _aeng
080 _a316
082 _a316
100 _a50
101 _aSOC
245 _aSociology exploring the architecture of everday life readings 8
_cNewman,M.D
942 _2udc
_cBK
999 _c56396
_d56396